<?xml version="1.0" encoding="UTF-8"?>
<record
    xmlns:xsi="http://www.w3.org/2001/XMLSchema-instance"
    xsi:schemaLocation="http://www.loc.gov/MARC21/slim http://www.loc.gov/standards/marcxml/schema/MARC21slim.xsd"
    xmlns="http://www.loc.gov/MARC21/slim">

  <leader>00907nam a2200253 a 4500</leader>
  <controlfield tag="001">BRL_1437</controlfield>
  <controlfield tag="005">20190320211215.0</controlfield>
  <controlfield tag="008">140114s1923----enkao#####---#001-0#ger-#</controlfield>
  <datafield tag="041" ind1=" " ind2=" ">
    <subfield code="a">ger</subfield>
  </datafield>
  <datafield tag="044" ind1=" " ind2=" ">
    <subfield code="a">enk</subfield>
  </datafield>
  <datafield tag="050" ind1=" " ind2="4">
    <subfield code="a">NK2808</subfield>
    <subfield code="b">.N48 1923</subfield>
  </datafield>
  <datafield tag="100" ind1="1" ind2=" ">
    <subfield code="a">Neugebauer, Rudolf</subfield>
    <subfield code="9">26908</subfield>
  </datafield>
  <datafield tag="245" ind1="1" ind2="0">
    <subfield code="a">Handbuch der Orientalischen Teppichkunde</subfield>
    <subfield code="c">von R. Neugebauer und J. Orendi ; mit einer einf&#xFC;hrung von Richard Graul.</subfield>
  </datafield>
  <datafield tag="260" ind1=" " ind2=" ">
    <subfield code="a">Leipzig</subfield>
    <subfield code="b">Karl W. Hiersemann</subfield>
    <subfield code="c">1923</subfield>
  </datafield>
  <datafield tag="300" ind1=" " ind2=" ">
    <subfield code="a">xii, 246 p.</subfield>
    <subfield code="b">il., mapas plegables, l&#xE1;minas</subfield>
    <subfield code="c">24 cm.</subfield>
  </datafield>
  <datafield tag="440" ind1=" " ind2="0">
    <subfield code="a">Hiersemanns handb&#xFC;cher</subfield>
    <subfield code="v">band 4</subfield>
    <subfield code="9">7398</subfield>
  </datafield>
  <datafield tag="500" ind1=" " ind2=" ">
    <subfield code="a">Au1656</subfield>
  </datafield>
  <datafield tag="500" ind1=" " ind2=" ">
    <subfield code="a">En la portada: &#xB4; mit 152 teilweise ganzseitigen textabbildungen, 1 titelbild, 16 mehrfarbigen tafeln, 12 motivblattern, 1 karte&#xB4;.</subfield>
  </datafield>
  <datafield tag="650" ind1="1" ind2="4">
    <subfield code="a">Alfombras orientales</subfield>
    <subfield code="9">4435</subfield>
  </datafield>
  <datafield tag="700" ind1="1" ind2=" ">
    <subfield code="a">Orendi, J.</subfield>
    <subfield code="9">26909</subfield>
  </datafield>
  <datafield tag="700" ind1="1" ind2=" ">
    <subfield code="a">Graul, Richard</subfield>
    <subfield code="9">7472</subfield>
  </datafield>
  <datafield tag="902" ind1=" " ind2=" ">
    <subfield code="a">GRL</subfield>
  </datafield>
  <datafield tag="942" ind1=" " ind2=" ">
    <subfield code="2">lcc</subfield>
    <subfield code="c">B</subfield>
  </datafield>
  <datafield tag="999" ind1=" " ind2=" ">
    <subfield code="c">10247</subfield>
    <subfield code="d">10247</subfield>
  </datafield>
  <datafield tag="952" ind1=" " ind2=" ">
    <subfield code="0">0</subfield>
    <subfield code="1">0</subfield>
    <subfield code="4">0</subfield>
    <subfield code="7">0</subfield>
    <subfield code="a">BRL</subfield>
    <subfield code="b">BRL</subfield>
    <subfield code="d">2014-01-14</subfield>
    <subfield code="i">Au1656</subfield>
    <subfield code="l">0</subfield>
    <subfield code="o">NK2808 .N48 1923 (Au1656)</subfield>
    <subfield code="p">GRL01597</subfield>
    <subfield code="r">2019-03-22 00:00:00</subfield>
    <subfield code="w">2019-03-22</subfield>
    <subfield code="y">B</subfield>
  </datafield>
</record>
